[Event "S0002, DESC"]
[Site "?"]
[Date "1999.??.??"]
[Round "?"]
[White "Kruse, Ernst_Bruno"]
[Black "Luebcke, Dieter"]
[Result "0-1"]
[WhiteElo "2545"]
[BlackElo "2675"]
[PlyCount "90"]
[EventDate "1999.??.??"]
[Source "www.chesslib.no"]
[SourceDate "2004.05.04"]

1. d4 d6 2. c4 Nd7 3. Nf3 Ngf6 4. Nc3 c6 5. e4 e5 6. Be2 Be7 7. O-O O-O 8. d5 Nc5 9. Qc2 Qb6 10. Rb1 cxd5 11. exd5 a5 12. b3 Bd7 13. h3 Rfc8 14. Be3 h6 15. a3 Qc7 16. b4 axb4 17. axb4 Na4 18. Nxa4 Bxa4 19. Qd2 b5 20. c5 dxc5 21. bxc5 Bxc5 22. Bxb5 Bxe3 23. fxe3 Ne4 24. Qe1 Bxb5 25. Rxb5 Ra2 26. Qb4 Qc2 27. Ne1 Qe2 28. Rb8 Qxe3+ 29. Kh2 Qg3+ 30. Kh1 Rxb8 31. Qxb8+ Kh7 32. Qb1 Re2 33. d6 Qg6 34. Kh2 Nxd6 35. Qxg6+ Kxg6 36. Nf3 Nf5 37. Kg1 h5 38. Rf2 Rxf2 39. Kxf2 e4 40. Ne5+ Kf6 41. Nd7+ Ke6 42. Nb6 h4 43. Nc4 Kd5 44. Nb6+ Kd4 45. Nd7 e3+ 0-1

[Event "Camp. svizzero a sq. - Lucerna-Riehen"]
[Site "Svizzera"]
[Date "2008.04.20"]
[Round "3.1"]
[White "Huebner, Robert"]
[Black "Hickl, Joerg"]
[Result "1/2-1/2"]
[WhiteElo "2605"]
[BlackElo "2598"]
[PlyCount "83"]
[EventDate "2008.03.02"]
[Source "www.chesslib.no"]
[SourceDate "2004.05.04"]

1. d4 Nf6 2. Nf3 d6 3. g3 Nbd7 4. Bg2 e5 5. c4 Be7 6. Nc3 O-O 7. O-O c6 8. e4 a6 9. d5 cxd5 10. cxd5 b5 11. Re1 Nb6 12. b3 Qc7 13. Bd2 Bd7 14. Rc1 Qb7 15. Bf1 Rfc8 16. Nh4 Rc7 17. f3 Ne8 18. Ng2 Rac8 19. Bd3 g6 20. Ne3 Ng7 21. Qe2 Qa7 22. Nb1 Rxc1 23. Rxc1 f5 24. Kg2 Rf8 25. Nc2 Rc8 26. Nb4 Qb7 27. Rxc8+ Nxc8 28. a4 Na7 29. Na3 fxe4 30. fxe4 Bd8 31. axb5 axb5 32. Be3 Bb6 33. Bxb6 Qxb6 34. Nc6 Nxc6 35. dxc6 Bxc6 36. Bxb5 Bb7 37. Bc4+ Kh8 38. Nb5 Nf5 39. Qd3 Kg7 40. Kf1 Nd4 41. Nxd4 Qxd4 42. Qxd4 1/2-1/2

[Event "wch14 3/4F"]
[Site "wch14 3/4F"]
[Date "1987.??.??"]
[Round "?"]
[White "Antonov, Vitaly Aleks'vich"]
[Black "Anton, Volker-Michael"]
[Result "1/2-1/2"]
[WhiteElo "2565"]
[BlackElo "2630"]
[PlyCount "131"]
[EventDate "1987.??.??"]
[Source "www.chesslib.no"]
[SourceDate "2004.05.04"]

1. d4 Nf6 2. c4 d6 3. Nc3 Nbd7 4. Nf3 c6 5. e4 e5 6. Be2 Be7 7. O-O O-O 8. Qc2 a6 9. Rd1 Qc7 10. Bg5 h6 11. Bh4 Re8 12. h3 b5 13. a3 Bb7 14. Rac1 Rac8 15. Qb1 Qb8 16. Bg3 Bf8 17. b4 exd4 18. Nxd4 Ne5 19. cxb5 axb5 20. f3 g6 21. Qb3 Nh5 22. Bh2 g5 23. Kh1 Nf4 24. Bf1 Rcd8 25. Nce2 Nfg6 26. Ng3 Nf4 27. Nde2 Nxe2 28. Bxe2 Ng6 29. Nh5 Bg7 30. Nxg7 Kxg7 31. a4 bxa4 32. Qxa4 Nf4 33. Bf1 Re5 34. Qc2 d5 35. exd5 Rexd5 36. Bc4 R5d6 37. Rxd6 Qxd6 38. Bxf7 Qd2 39. Qxd2 Rxd2 40. Bxf4 gxf4 41. Be8 Rd4 42. b5 cxb5 43. Rc7+ Kf8 44. Bxb5 Bd5 45. Rd7 Rd1+ 46. Kh2 Bb3 47. Rc7 Rd4 48. h4 Bf7 49. Bc6 Be6 50. Ra7 Bf5 51. Ra5 Be6 52. Be4 Kg7 53. Ra7+ Bf7 54. Kh3 Kf6 55. Kg4 Rd2 56. Ra6+ Kg7 57. Kh3 Rd4 58. Rc6 Be8 59. Rc7+ Rd7 60. Rc8 Bf7 61. Bf5 Rd2 62. Rc6 Re2 63. Rd6 Re1 64. Rd4 Rh1+ 65. Kg4 Rh2 66. Rd2 1/2-1/2

[Event "Camp. svizzero a sq. - Riehen-Berna"]
[Site "Svizzera"]
[Date "2008.09.20"]
[Round "8.1"]
[White "Cvitan, Ognjen"]
[Black "Milov, Vadim"]
[Result "1/2-1/2"]
[WhiteElo "2506"]
[BlackElo "2675"]
[PlyCount "27"]
[EventDate "2008.03.02"]
[Source "www.chesslib.no"]
[SourceDate "2004.05.04"]

1. d4 Nf6 2. c4 d6 3. Nf3 Nbd7 4. Nc3 e5 5. e4 Be7 6. Be2 O-O 7. O-O c6 8. Qc2 Re8 9. Rd1 Bf8 10. Be3 Ng4 11. Bg5 Be7 12. Bc1 Bf8 13. Bg5 Be7 14. Bc1 1/2-1/2

[Event "GRE-chT 32nd"]
[Site "?"]
[Date "2003.07.10"]
[Round "8"]
[White "Atalik Suat"]
[Black "Hickl Joerg"]
[Result "0-1"]
[WhiteElo "2599"]
[BlackElo "2560"]
[PlyCount "108"]
[EventDate "2003.??.??"]
[Source "www.chesslib.no"]
[SourceDate "2004.05.04"]

1. d4 d6 2. Nf3 Nf6 3. c4 Nbd7 4. Nc3 e5 5. e4 Be7 6. Be2 O-O 7. O-O c6 8. Qc2 a6 9. Rd1 Qc7 10. Bg5 Re8 11. Rac1 h6 12. Bh4 Nh7 13. Bxe7 Rxe7 14. Qd2 Nhf6 15. Nh4 Nf8 16. d5 c5 17. g3 N8h7 18. f3 Ng5 19. Qe3 g6 20. Rb1 Bd7 21. b4 b6 22. a4 Ree8 23. a5 cxb4 24. Rxb4 b5 25. Ra1 Qc5 26. Qxc5 dxc5 27. Rbb1 b4 28. Nd1 Re7 29. Nb2 Ne8 30. Nd3 Rc8 31. Bd1 Kg7 32. Bb3 f5 33. f4 Nf7 34. Re1 Kf6 35. Nf3 fxe4 36. fxe5+ Nxe5 37. Ndxe5 Rxe5 38. Nxe5 Kxe5 39. Re3 Nd6 40. Rae1 Kd4 41. R3e2 Bg4 42. Rf2 Bf3 43. Rc1 Rf8 44. Rd2+ Ke5 45. Re1 Rf6 46. Ba2 Nb7 47. Kf2 Nxa5 48. Rb1 b3 49. d6 bxa2 50. Rxa2 Nxc4 51. Rc1 e3+ 52. Ke1 Nxd6 53. Rxc5+ Kd4 54. Rc7 Bd5 0-1

[Event "32nd TCh-GRE"]
[Site "Kallithea Chalkidiki"]
[Date "2003.07.10"]
[Round "8"]
[White "Atalik, Suat"]
[Black "Hickl, Joerg"]
[Result "0-1"]
[WhiteElo "2599"]
[BlackElo "2560"]
[PlyCount "88"]
[EventDate "2003.07.04"]
[Source "Roberto Alvarez"]
[SourceDate "2003.07.14"]

1. d4 d6 2. Nf3 Nf6 3. c4 Nbd7 4. Nc3 e5 5. e4 Be7 6. Be2 O-O 7. O-O c6 8. Qc2 a6 9. Rd1 Qc7 10. Bg5 Re8 11. Rac1 h6 12. Bh4 Nh7 13. Bxe7 Rxe7 14. Qd2 Nhf6 15. Nh4 Nf8 16. d5 c5 17. g3 N8h7 18. f3 Ng5 19. Qe3 g6 20. Rb1 Bd7 21. b4 b6 22. a4 Ree8 23. a5 cxb4 24. Rxb4 b5 25. Ra1 Qc5 26. Qxc5 dxc5 27. Rbb1 b4 28. Nd1 Re7 29. Nb2 Ne8 30. Nd3 Rc8 31. Bd1 Kg7 32. Bb3 f5 33. f4 Nf7 34. Rc1 Kf6 35. Nf3 fxe4 36. fxe5+ Nxe5 37. Ndxe5 Rxe5 38. Nxe5 Kxe5 39. Re1 Nd6 40. Rac1 Kd4 41. Re2 Bg4 42. Rf2 Bf3 43. Re1 Nf5 44. Rd2+ Ke5 0-1

[Event "Villarrobledo"]
[Site "?"]
[Date "2006.08.05"]
[Round "4"]
[White "Korneev Oleg"]
[Black "Ubilava Elizbar"]
[Result "1/2-1/2"]
[WhiteElo "2638"]
[BlackElo "2521"]
[PlyCount "35"]
[EventDate "2006.??.??"]
[Source "www.chesslib.no"]
[SourceDate "2004.05.04"]

1. e4 c6 2. c4 e5 3. Nf3 d6 4. d4 Nd7 5. Nc3 Ngf6 6. Be2 Be7 7. O-O O-O 8. d5 Nc5 9. Nd2 a5 10. b3 Nfd7 11. Rb1 Bg5 12. a3 Nf6 13. Qc2 cxd5 14. cxd5 Bd7 15. Nc4 Bxc1 16. Rfxc1 Qc7 17. b4 axb4 18. axb4 1/2-1/2

[Event "Calcutta op"]
[Site "?"]
[Date "1993.??.??"]
[Round "?"]
[White "Malaniuk, V."]
[Black "Hickl, J."]
[Result "1/2-1/2"]
[WhiteElo "2600"]
[BlackElo "2540"]
[PlyCount "68"]
[EventDate "1993.??.??"]
[Source "www.chesslib.no"]
[SourceDate "2004.05.04"]

1. d4 Nf6 2. c4 d6 3. Nf3 Nbd7 4. Nc3 c6 5. e4 e5 6. Be2 Be7 7. Bg5 a6 8. O-O O-O 9. d5 cxd5 10. cxd5 Ng4 11. Bc1 b5 12. h3 Ngf6 13. a3 Nb6 14. Be3 Qc7 15. Rc1 Qb8 16. Nd2 Bd7 17. b3 Rc8 18. Qc2 Qb7 19. Qb2 Bd8 20. Rc2 Be8 21. Rfc1 Nbd7 22. a4 Nb6 23. Bxb6 Qxb6 24. axb5 axb5 25. Qb1 Kf8 26. b4 Bd7 27. Nb3 Rc7 28. Bd3 Rac8 29. Ne2 Ne8 30. Rxc7 Rxc7 31. Rxc7 Qxc7 32. Qa1 Qb7 33. Nc3 Nc7 34. Qc1 Bh4 1/2-1/2

[Event "Linares"]
[Site "?"]
[Date "1993.??.??"]
[Round "?"]
[White "Nogueiras, J."]
[Black "Zapata, A."]
[Result "1-0"]
[WhiteElo "2580"]
[BlackElo "2555"]
[PlyCount "85"]
[EventDate "1993.??.??"]
[Source "ChessBase"]
[SourceDate "1993.10.01"]

1. d4 Nf6 2. Nf3 d6 3. c4 Nbd7 4. Nc3 c6 5. e4 e5 6. Be2 Be7 7. O-O O-O 8. Be3 Ng4 9. Bd2 a6 10. d5 cxd5 11. cxd5 b5 12. b4 Nb6 13. a4 bxa4 14. Nxa4 f5 15. exf5 Bxf5 16. Nc3 Bc8 17. Bd3 Qe8 18. h3 Nf6 19. Be3 Bd8 20. Ng5 Kh8 21. Nge4 Nxe4 22. Nxe4 Qd7 23. Be2 h6 24. Bg4 Qe7 25. Bxc8 Nxc8 26. Rc1 Na7 27. Bxa7 Qxa7 28. Nxd6 Bb6 29. Ne4 Bd4 30. Qg4 Rf4 31. Rc8+ Rxc8 32. Qxc8+ Kh7 33. d6 Qf7 34. d7 Bb6 35. Qc6 Qg6 36. Qxg6+ Kxg6 37. Nc5 Rd4 38. Ne6 Rd6 39. Ra1 Kf7 40. Rxa6 Kxe6 41. Rxb6 Kxd7 42. Rxd6+ Kxd6 43. Kf1 1-0

[Event "32nd TCh-GRE"]
[Site "Kallithea Chalkidiki"]
[Date "2003.07.06"]
[Round "3"]
[White "Mchedlishvili, Mikheil"]
[Black "Hickl, Joerg"]
[Result "1/2-1/2"]
[WhiteElo "2566"]
[BlackElo "2560"]
[PlyCount "45"]
[EventDate "2003.07.04"]
[Source "Roberto Alvarez"]
[SourceDate "2003.07.14"]

1. d4 d6 2. Nf3 Nf6 3. c4 Nbd7 4. Nc3 c6 5. e4 e5 6. Be2 Be7 7. O-O O-O 8. Be3 a6 9. d5 cxd5 10. cxd5 Ng4 11. Bd2 b5 12. b4 Nb6 13. a4 bxa4 14. Nxa4 f5 15. exf5 Bxf5 16. Nc3 Kh8 17. Qb3 Bf6 18. h3 Nh6 19. Be3 Bg6 20. Bxh6 gxh6 21. Nd2 e4 22. Ndxe4 Bxe4 23. Nxe4 1/2-1/2

[Event "It (Open) Ledyard USA"]
[Site "?"]
[Date "2006.04.16"]
[Round "9"]
[White "Van Wely Loek"]
[Black "Zapata Alonso"]
[Result "1-0"]
[WhiteElo "2655"]
[BlackElo "2470"]
[PlyCount "179"]
[EventDate "2006.??.??"]
[Source "www.chesslib.no"]
[SourceDate "2004.05.04"]

1. d4 Nf6 2. c4 d6 3. Nf3 Nbd7 4. Nc3 c6 5. g3 e5 6. e4 Be7 7. Bg2 O-O 8. O-O Re8 9. h3 Qc7 10. Be3 Bf8 11. Rc1 a5 12. Qc2 Qb8 13. a4 Be7 14. Nd2 exd4 15. Bxd4 Bd8 16. f4 Bb6 17. Bxb6 Nxb6 18. b3 Nbd7 19. Nf3 Nc5 20. Rce1 h6 21. Kh2 Qc7 22. Nd4 Bd7 23. Rf2 Re7 24. Rfe2 Rae8 25. Bf3 Bc8 26. Re3 Qb6 27. Qd1 Bd7 28. Kg2 Qc7 29. Qd2 Kh8 30. Kh2 Kg8 31. Qc2 Qb8 32. Qd1 Qc7 33. Bg2 Kh7 34. Kh1 Kg8 35. Qd2 Nh7 36. Nd1 Qb8 37. Kh2 Qc7 38. Nf2 Nf6 39. Bf3 Bc8 40. Kg2 Bd7 41. Qd1 Bc8 42. R1e2 Bd7 43. Nc2 Bc8 44. Qd2 Kh8 45. Kh2 Kg8 46. Ne1 Kh8 47. Ng2 Kg8 48. Kh1 Bd7 49. Qe1 Be6 50. Qd1 Kh8 51. Re1 Kg8 52. Kh2 Kh8 53. h4 Kg8 54. h5 Bd7 55. Nh4 Bc8 56. Bg2 Kh8 57. Qf3 Bd7 58. g4 Nfxe4 59. Rxe4 Rxe4 60. Rxe4 Nxe4 61. Nxe4 d5 62. cxd5 cxd5 63. Ng3 d4 64. Qd5 Bxg4 65. Qxd4 Qd8 66. Qxd8 Rxd8 67. Bxb7 Bd1 68. Nf3 Bxb3 69. Bc6 Kg8 70. Nf5 Kf8 71. N5d4 Bd1 72. Kg3 Rb8 73. Bb5 Rd8 74. f5 Rd5 75. Kf4 Rc5 76. Ne5 Rc1 77. Ndc6 Ra1 78. Nd7+ Kg8 79. Nb6 Bxh5 80. Nxa5 Bd1 81. Nc6 Bxa4 82. Nxa4 Rb1 83. Bc4 Rc1 84. Nb6 Kh7 85. Ne5 g5+ 86. Ke3 f6 87. Ned7 Kg7 88. Be6 h5 89. Nd5 h4 90. N5xf6 1-0

[Event "CAN-op"]
[Site "Winnipeg"]
[Date "1994.??.??"]
[Round "8"]
[White "Tukmakov, Vladimir B"]
[Black "Spraggett, Kevin"]
[Result "1-0"]
[WhiteElo "2570"]
[BlackElo "2550"]
[PlyCount "99"]
[EventDate "1994.07.??"]
[Source "www.chesslib.no"]
[SourceDate "2004.05.04"]

1. d4 Nf6 2. Nf3 d6 3. c4 Nbd7 4. Nc3 c6 5. e4 e5 6. Be2 Be7 7. O-O O-O 8. Qc2 a6 9. Rd1 Qc7 10. Bg5 Re8 11. Rac1 Nf8 12. d5 c5 13. a3 Ng6 14. g3 b6 15. b4 h6 16. Bd2 Nh7 17. Rb1 Bd7 18. Rb2 Reb8 19. Rdb1 Ng5 20. Nxg5 Bxg5 21. Be1 Ne7 22. Rb3 Nc8 23. a4 a5 24. bxa5 bxa5 25. Nb5 Qd8 26. Qd1 Be7 27. Bg4 Be8 28. Qc2 Nb6 29. Ra3 Nd7 30. h4 Nf6 31. Bh3 h5 32. Qe2 g6 33. Bd2 Bd7 34. Bxd7 Qxd7 35. Kg2 Ne8 36. Rab3 Ng7 37. f4 exf4 38. Bxf4 Rb7 39. Qf3 Re8 40. Re1 Bf8 41. Rbe3 f6 42. R3e2 Ra8 43. Rf1 Kh7 44. Qd3 Rb6 45. Ref2 Ne8 46. Bd2 Bg7 47. Bc3 Qf7 48. Rf4 Rb7 49. g4 hxg4 50. Rxg4 1-0

[Event "JUG-chT"]
[Site "Vrnjacka Banja"]
[Date "1998.08.26"]
[Round "6"]
[White "Atalik, Suat"]
[Black "Tosic, Miroslav"]
[Result "1/2-1/2"]
[WhiteElo "2585"]
[BlackElo "2525"]
[PlyCount "47"]
[EventDate "1998.08.??"]
[Source "ChessBase"]
[SourceDate "1999.02.01"]

1. d4 c6 2. c4 d6 3. Nc3 Nd7 4. e4 e5 5. Nf3 Ngf6 6. Be2 Be7 7. O-O O-O 8. Be3 Re8 9. d5 c5 10. Ne1 Nf8 11. g3 Bh3 12. Ng2 Qd7 13. f3 h5 14. Qd2 Ng6 15. Nd1 h4 16. g4 Nh7 17. Nf2 Bxg2 18. Kxg2 Nf4+ 19. Kh1 Bg5 20. Rfb1 Nxe2 21. Qxe2 Bxe3 22. Qxe3 a5 23. a4 Nf8 24. Nd3 1/2-1/2

[Event "Tch-BIH"]
[Site "Neum"]
[Date "2004.05.31"]
[Round "3"]
[White "Kozul, Zdenko"]
[Black "Vukic, Milan"]
[Result "1-0"]
[WhiteElo "2627"]
[BlackElo "2482"]
[PlyCount "157"]
[EventDate "2004.05.29"]
[Source "Roberto Alvarez"]
[SourceDate "2004.06.07"]

1. d4 Nf6 2. c4 d6 3. Nf3 Nbd7 4. Nc3 c6 5. e4 e5 6. Be2 Be7 7. O-O O-O 8. Be3 a6 9. d5 c5 10. Rb1 Ne8 11. b4 b6 12. bxc5 bxc5 13. Rb3 g6 14. Bh6 Ng7 15. Qc1 Kh8 16. Na4 Ra7 17. Ng5 Rb7 18. Bg4 Nf6 19. Bxc8 Qxc8 20. Qb2 Rxb3 21. axb3 Qb7 22. Nc3 Kg8 23. Bxg7 Kxg7 24. Nf3 Rb8 25. Rb1 Bd8 26. Qc2 Ba5 27. Ne2 Bd8 28. h3 h6 29. g3 Qc8 30. Kg2 Nh7 31. Ra1 Ng5 32. Nxg5 hxg5 33. g4 Qb7 34. Ra3 a5 35. Nc3 Qe7 36. Ra1 Rb7 37. Re1 Qd7 38. Nb5 Rb8 39. Re3 Ra8 40. Rf3 Be7 41. Qa2 Bd8 42. Qa4 Rb8 43. Kf1 Rb7 44. Ke2 Kf8 45. Kd2 Kg7 46. Kc2 Kf8 47. Nc3 Qxa4 48. Nxa4 Kg7 49. Nc3 Rd7 50. Nb5 Kf8 51. Kb2 Ke8 52. Ka3 Kf8 53. Rg3 Kg7 54. Rg1 Kh6 55. Kb2 Kg7 56. Kc2 Kf6 57. Kd3 Bb6 58. Ke3 Bc7 59. Kf3 Bd8 60. Ra1 Bb6 61. Nc3 Bd8 62. Nb1 Rb7 63. Nd2 Rb4 64. Kg3 Kg7 65. Ra3 Kh6 66. Nf3 Rb7 67. h4 gxh4+ 68. Nxh4 Bxh4+ 69. Kxh4 f6 70. f3 Rb6 71. g5+ fxg5+ 72. Kg4 Ra6 73. Ra1 Ra8 74. Rh1+ Kg7 75. Kxg5 Rf8 76. Rh6 Rxf3 77. Rxg6+ Kf7 78. Rxd6 Rxb3 79. Ra6 1-0

[Event "Nassau"]
[Site "?"]
[Date "1999.12.13"]
[Round "9"]
[White "Wojtkiewicz Aleksander"]
[Black "Ritter Mark"]
[Result "1-0"]
[WhiteElo "2669"]
[BlackElo "2437"]
[PlyCount "87"]
[EventDate "1999.??.??"]
[Source "www.chesslib.no"]
[SourceDate "2004.05.04"]

1. Nf3 Nf6 2. c4 d6 3. d4 Nbd7 4. Nc3 e5 5. e4 c6 6. Be2 Be7 7. O-O Qc7 8. Be3 O-O 9. Nd2 Re8 10. a3 a5 11. d5 Nf8 12. Rc1 Ng6 13. g3 Bh3 14. Re1 h6 15. b4 axb4 16. axb4 Nd7 17. Bg4 Bxg4 18. Qxg4 Ra3 19. h4 Nf6 20. Qf5 Nf8 21. c5 Rxc3 22. Rxc3 cxd5 23. exd5 Nxd5 24. Rb3 Nxe3 25. Rbxe3 Ne6 26. Nf3 dxc5 27. Nxe5 Bf8 28. b5 Nd4 29. Qd3 Re6 30. Kg2 Rd6 31. Qc4 Rb6 32. Rd1 Rd6 33. b6 Qe7 34. Qxc5 Ne6 35. Qxd6 Qxd6 36. Rxd6 Bxd6 37. Nc4 Bc5 38. Re5 Kf8 39. f4 g6 40. Rd5 Ke7 41. f5 gxf5 42. Rxf5 Bd4 43. Rd5 Bc5 44. Kh3 1-0

[Event "2nd IECC, Ohrid MKD"]
[Site "?"]
[Date "2001.??.??"]
[Round "3"]
[White "Ionov, S."]
[Black "Sturua, Z."]
[Result "0-1"]
[WhiteElo "2505"]
[BlackElo "2600"]
[PlyCount "66"]
[EventDate "2001.??.??"]
[Source "www.chesslib.no"]
[SourceDate "2004.05.04"]

1. d4 d6 2. Nf3 Nf6 3. c4 Nbd7 4. Nc3 e5 5. e4 Be7 6. Be2 O-O 7. O-O c6 8. Be3 a6 9. d5 cxd5 10. cxd5 Ng4 11. Bd2 b5 12. b4 Nb6 13. a4 bxa4 14. Nxa4 f5 15. exf5 Bxf5 16. Nc3 Qc8 17. Qb3 Kh8 18. Ra5 e4 19. Nd4 Bf6 20. Ne6 Re8 21. Bxg4 Nc4 22. Bxf5 Nxd2 23. Qd1 Qxc3 24. Qh5 g6 25. Bxg6 Re7 26. Rd1 Rg8 27. Qe2 Nf3+ 28. gxf3 exf3 29. Qe1 Qc2 30. Kh1 Qxg6 31. Qf1 Qh6 32. Rxa6 Be5 33. h3 Rxe6 0-1

[Event "YUG-chT"]
[Site "?"]
[Date "1998.??.??"]
[Round "11"]
[White "Atalik Suat"]
[Black "Nikcevic Nebojsa"]
[Result "1/2-1/2"]
[WhiteElo "2595"]
[BlackElo "2505"]
[PlyCount "63"]
[EventDate "1998.??.??"]
[Source "www.chesslib.no"]
[SourceDate "2004.05.04"]

1. d4 Nf6 2. c4 d6 3. Nc3 Nbd7 4. Nf3 c6 5. e4 e5 6. Be2 Be7 7. O-O O-O 8. Be3 a6 9. d5 cxd5 10. cxd5 b5 11. Nd2 Nb6 12. a4 Nxa4 13. Nxa4 bxa4 14. Rxa4 Bd7 15. Ra2 Qb6 16. f3 Bd8 17. Qb3 Qxb3 18. Nxb3 a5 19. Rfa1 Rb8 20. Nxa5 Bxa5 21. Rxa5 Rxb2 22. Bf1 Rfb8 23. Bc1 Rb1 24. Kf2 Rxa1 25. Rxa1 Kf8 26. Bd3 Ne8 27. Ra7 Rc8 28. Ba3 Ke7 29. Ke3 Rc7 30. Ra5 Rc3 31. Kd2 Rc7 32. Ra8 1/2-1/2

[Event "Philadelphia"]
[Site "?"]
[Date "1988.??.??"]
[Round "?"]
[White "Ivanov, I."]
[Black "Gulko, B."]
[Result "0-1"]
[WhiteElo "2505"]
[BlackElo "2595"]
[PlyCount "62"]
[EventDate "1988.??.??"]
[Source "ChessBase"]
[SourceDate "1988.07.01"]

1. Nf3 Nf6 2. c4 d6 3. d4 Nbd7 4. Nc3 c6 5. e4 e5 6. Be2 Be7 7. O-O a6 8. Be3 b5 9. Nd2 exd4 10. Bxd4 b4 11. Na4 c5 12. Be3 O-O 13. f4 Bb7 14. Bf3 Qc7 15. Qc2 Rfe8 16. Rae1 Bf8 17. Bf2 g6 18. Bh4 Rac8 19. b3 Bh6 20. Bg5 Bg7 21. e5 dxe5 22. fxe5 Nxe5 23. Rxe5 Qxe5 24. Bxf6 Qe3+ 25. Rf2 Bxf6 26. Nf1 Qe1 27. Bxb7 Bd4 28. Bf3 Re6 29. Nb2 Rce8 30. Nd3 Qc3 31. Bd1 Rf6 0-1

[Event "ch-VIE"]
[Site "Dalat City"]
[Date "2004.03.13"]
[Round "3"]
[White "Dao Thien Hai"]
[Black "Tu Hoang Thong"]
[Result "1-0"]
[WhiteElo "2583"]
[BlackElo "2510"]
[PlyCount "59"]
[EventDate "2004.03.12"]
[Source "Roberto Alvarez"]
[SourceDate "2004.03.22"]

1. d4 Nf6 2. c4 d6 3. Nf3 Nbd7 4. Nc3 e5 5. e4 Be7 6. Be2 O-O 7. O-O c6 8. Re1 Re8 9. Bf1 a6 10. Rb1 Qc7 11. b4 Bf8 12. a3 b6 13. Bd2 exd4 14. Nxd4 Bb7 15. Nf5 g6 16. Nh6+ Kg7 17. h3 Re6 18. Rb3 Rae8 19. Qa1 d5 20. cxd5 cxd5 21. Rc1 dxe4 22. Nxe4 Qe5 23. Nxf6 Nxf6 24. Bc3 Qf4 25. Ng4 Be7 26. Be5 Qf5 27. Rc7 Bd5 28. Re3 Bd8 29. Bd3 Qg5 30. Rc8 1-0

[Event "9th HIT Open"]
[Site "Nova Gorica"]
[Date "2004.01.31"]
[Round "2"]
[White "Kozul, Zdenko"]
[Black "Djuric, Stefan"]
[Result "1-0"]
[WhiteElo "2605"]
[BlackElo "2487"]
[PlyCount "58"]
[EventDate "2004.01.30"]
[Source "Roberto Alvarez"]
[SourceDate "2004.02.09"]

1. d4 Nf6 2. c4 c6 3. Nc3 d6 4. e4 Nbd7 5. Nf3 e5 6. Be2 Be7 7. O-O O-O 8. Qc2 Re8 9. Rd1 Qc7 10. h3 a6 11. a3 exd4 12. Rxd4 Ne5 13. Bg5 h6 14. Be3 Be6 15. Nxe5 dxe5 16. Rd2 b5 17. Rad1 b4 18. Na4 c5 19. axb4 cxb4 20. b3 Rab8 21. c5 Qc6 22. f3 Nd7 23. Bc4 Bxc4 24. Qxc4 Nf8 25. Rd5 Ng6 26. Nb6 a5 27. Ra1 Nf4 28. Rxa5 Rxb6 29. Bxf4 exf4 1-0

[Event "NBG Open Weilburg"]
[Site "Weilburg"]
[Date "1995.??.??"]
[Round "7"]
[White "Zagorskis, Darius"]
[Black "Hickl, Joerg"]
[Result "1-0"]
[WhiteElo "2520"]
[BlackElo "2570"]
[PlyCount "95"]
[EventDate "1995.10.??"]
[Source "www.chesslib.no"]
[SourceDate "2004.05.04"]

1. d4 d6 2. c4 e5 3. Nf3 Nd7 4. Nc3 c6 5. e4 Ngf6 6. Be2 Be7 7. O-O O-O 8. Qc2 Re8 9. d5 a6 10. Be3 Qc7 11. Nd2 Nf8 12. b4 cxd5 13. exd5 Ng4 14. Bxg4 Bxg4 15. Rfe1 Nd7 16. a4 Qd8 17. a5 Bh5 18. Na4 Bg6 19. Qb3 f5 20. f3 Bg5 21. Red1 Bxe3+ 22. Qxe3 Rc8 23. Rac1 Bf7 24. Nb6 Nxb6 25. axb6 Qh4 26. Qf2 Qh6 27. Re1 Kh8 28. Nb3 Re7 29. Qd2 Qf6 30. Na5 Rd7 31. Rcd1 Qh4 32. Qf2 Qd8 33. Rd2 Qf6 34. Red1 Rcd8 35. c5 dxc5 36. bxc5 Rxd5 37. Nxb7 Rxd2 38. Rxd2 Rxd2 39. Qxd2 Qc6 40. Qd8+ Bg8 41. Qe7 Qd5 42. h4 Qd4+ 43. Kh1 e4 44. fxe4 Qe3 45. Qg5 Qe1+ 46. Kh2 Qxe4 47. Nd6 Qe5+ 48. Qg3 1-0

[Event "7th Open"]
[Site "Korinthos"]
[Date "2004.07.23"]
[Round "3"]
[White "Volkov, Sergey"]
[Black "Managadze, Nikoloz"]
[Result "1-0"]
[WhiteElo "2625"]
[BlackElo "2463"]
[PlyCount "65"]
[EventDate "2004.07.22"]
[Source "Roberto Alvarez"]
[SourceDate "2004.08.10"]

1. d4 Nf6 2. c4 d6 3. Nf3 Nbd7 4. Nc3 e5 5. e4 Be7 6. Be2 O-O 7. O-O c6 8. d5 Nc5 9. Qc2 a5 10. Be3 Nfd7 11. Rad1 Qc7 12. Kh1 g6 13. Nd2 Nf6 14. h3 cxd5 15. Nb5 Qd8 16. Bxc5 dxc5 17. cxd5 Nd7 18. Nc4 b6 19. Bg4 h5 20. Be6 Bg5 21. a4 Rb8 22. Bxd7 Bxd7 23. Nxe5 Bf4 24. Nxd7 Qxd7 25. Na3 f5 26. Nc4 fxe4 27. Qxe4 Rf6 28. d6 Qxa4 29. g3 Bh6 30. d7 Rd8 31. Qe7 Qc6+ 32. Kg1 Rff8 33. Rd6 1-0

[Event "Krasnodar2"]
[Site "Krasnodar"]
[Date "1998.??.??"]
[Round "6"]
[White "Poluljahov, Aleksandr"]
[Black "Kuzmin, Gennadi P"]
[Result "1/2-1/2"]
[WhiteElo "2505"]
[BlackElo "2580"]
[PlyCount "55"]
[EventDate "1998.??.??"]
[Source "www.chesslib.no"]
[SourceDate "2004.05.04"]

1. d4 Nf6 2. c4 d6 3. Nc3 Nbd7 4. Nf3 e5 5. e4 c6 6. Be2 Be7 7. O-O O-O 8. Be3 Re8 9. d5 c5 10. Ne1 Nb6 11. Rb1 h6 12. a3 Bd7 13. b3 Nh7 14. Bg4 Bg5 15. Bxg5 hxg5 16. Nd3 g6 17. Be2 Kg7 18. g4 Rh8 19. Kg2 f5 20. f3 Nf6 21. Nf2 f4 22. Qd2 Qe7 23. Rfc1 Rhc8 24. Qa2 a5 25. Bd3 Rc7 26. Qe2 Rac8 27. Nfd1 Qf8 28. Nf2 1/2-1/2

[Event "Serbia-chT central"]
[Site "?"]
[Date "2003.??.??"]
[Round "?"]
[White "Damljanovic Branko"]
[Black "Djuric Stefan"]
[Result "1/2-1/2"]
[WhiteElo "2589"]
[BlackElo "2488"]
[PlyCount "30"]
[EventDate "2003.??.??"]
[Source "www.chesslib.no"]
[SourceDate "2004.05.04"]

1. Nf3 d6 2. d4 Nf6 3. c4 Nbd7 4. Nc3 c6 5. e4 e5 6. Be2 Be7 7. O-O O-O 8. Be3 a6 9. d5 cxd5 10. cxd5 b5 11. Nd2 Nb6 12. a4 bxa4 13. Nxa4 Nxa4 14. Rxa4 Bd7 15. Ra2 Qb8 1/2-1/2

[Event "Barbera op"]
[Site "?"]
[Date "2000.??.??"]
[Round "8"]
[White "Georgiev Vladimir"]
[Black "Moskalenko Viktor"]
[Result "1/2-1/2"]
[WhiteElo "2564"]
[BlackElo "2508"]
[PlyCount "117"]
[EventDate "2000.??.??"]
[Source "www.chesslib.no"]
[SourceDate "2004.05.04"]

1. Nf3 Nf6 2. c4 d6 3. d4 Nbd7 4. Nc3 e5 5. e4 Be7 6. Be2 c6 7. O-O O-O 8. Qc2 a6 9. Rd1 Qc7 10. Bg5 h6 11. Bh4 Re8 12. Rac1 g5 13. Bg3 Nh5 14. b4 Nxg3 15. hxg3 a5 16. b5 exd4 17. Nxd4 Nc5 18. Bh5 Bf6 19. Qe2 Be6 20. Qf3 Be5 21. Rd2 Rad8 22. Nd1 Bg7 23. bxc6 bxc6 24. Ne3 Qc8 25. Nef5 Nxe4 26. Re2 Bxf5 27. Nxf5 Nf6 28. Nxh6+ Bxh6 29. Qxf6 Bg7 30. Qxg5 Rxe2 31. Bxe2 Re8 32. Bd3 Qb8 33. c5 Qb4 34. cxd6 Qxd6 35. Qf5 Qd5 36. Kf1 Qxf5 37. Bxf5 Re5 38. g4 c5 39. Rb1 c4 40. Rb8+ Bf8 41. Rc8 Rc5 42. Rxc5 Bxc5 43. g5 Kg7 44. Ke2 Ba3 45. f4 Bc1 46. Kf3 Bd2 47. Bc2 Bc1 48. Ba4 Bd2 49. Bb5 c3 50. Ba4 Bc1 51. Bc2 Bd2 52. Ke4 Bc1 53. Kf5 Bd2 54. g3 Be1 55. Kg4 Bf2 56. Bb3 Be1 57. f5 f6 58. g6 c2 59. Bxc2 1/2-1/2

[Event "Santiago"]
[Site "Santiago"]
[Date "1987.??.??"]
[Round "?"]
[White "Panno, O."]
[Black "Granda Zuniga, J."]
[Result "1-0"]
[WhiteElo "2515"]
[BlackElo "2555"]
[PlyCount "91"]
[EventDate "1987.??.??"]
[Source "www.chesslib.no"]
[SourceDate "2004.05.04"]

1. Nf3 Nf6 2. c4 d6 3. d4 Nbd7 4. Nc3 c6 5. e4 e5 6. Be2 Be7 7. O-O O-O 8. Qc2 Re8 9. Rd1 Bf8 10. Be3 a6 11. a3 Qc7 12. Rac1 b6 13. b4 Bb7 14. d5 c5 15. Nd2 Reb8 16. Rb1 Bc8 17. Rb2 Be7 18. Rdb1 Bd8 19. Nb3 Nf8 20. Bd2 Bd7 21. Qd3 Ne8 22. Nd1 Ng6 23. g3 Ne7 24. Ne3 cxb4 25. axb4 a5 26. Nc1 axb4 27. Bxb4 Nf6 28. Na2 Rb7 29. Nc3 Qb8 30. Qd1 Bc7 31. Kg2 Qc8 32. f3 Be8 33. Bd3 Nd7 34. Bc2 Nb8 35. Ba4 Bxa4 36. Nxa4 Nd7 37. Nc3 Rbb8 38. Ra1 Nc5 39. Rba2 Rxa2+ 40. Rxa2 Ra8 41. Qa1 Rxa2+ 42. Qxa2 Qa6 43. Qxa6 Nxa6 44. Ba3 Nc5 45. Nb5 Bb8 46. Nc2 1-0